| Tag |
First Indicator |
Second Indicator |
Subfields |
| LEADER |
00000cam a2200000 a 4500 |
| 001 |
in00000092666 |
| 005 |
20150923132140.0 |
| 008 |
820726c19821980nyuaf b 00110 eng |
| 010 |
|
|
|z 81013324
|
| 020 |
|
|
|z 0841907587
|
| 035 |
|
|
|a (OCoLC)08632252
|
| 035 |
|
|
|9 AAK7486AM
|
| 040 |
|
|
|a DLC
|c CFS
|d m/c
|d TXA
|d UtOrBLW
|
| 049 |
|
|
|a TXAM
|c [A10758856]
|
| 090 |
|
|
|a DA910
|b .J64 1982
|
| 100 |
1 |
|
|a Johnson, Paul,
|d 1928-
|
| 245 |
1 |
0 |
|a Ireland, land of troubles :
|b a history from the twelfth century to the present day /
|c Paul Johnson.
|
| 264 |
|
1 |
|a New York :
|b Holmes and Meier,
|c 1982
|
| 264 |
|
4 |
|c ©1980
|
| 300 |
|
|
|a 224 pages, 24 unnumbered pages of plates :
|b illustrations ;
|c 24 cm.
|
| 336 |
|
|
|a text
|b txt
|2 rdacontent
|
| 337 |
|
|
|a unmediated
|b n
|2 rdamedia
|
| 338 |
|
|
|a volume
|b nc
|2 rdacarrier
|
| 504 |
|
|
|a Includes bibliographical references and index.
|
| 651 |
|
0 |
|a Ireland
|x History.
|
| 999 |
|
|
|a MARS
|
| 999 |
f |
f |
|s 70acc45d-4962-35e0-99e2-611d65f56685
|i ca56030f-8480-319b-9388-496613c17bd8
|t 0
|
| 952 |
f |
f |
|p ric
|a Texas A&M University
|b Rellis Campus
|c Joint Library Facility
|d Remote Storage
|t 0
|e DA910 .J64 1982
|h Library of Congress classification
|i unmediated -- volume
|m A14810758856
|
| 998 |
f |
f |
|a DA910 .J64 1982
|t 0
|l Remote Storage
|